वडापाव (Record no. 430012)

MARC details
000 -LEADER
fixed length control field 00403nam a2200145Ia 4500
008 - FIXED-LENGTH DATA ELEMENTS--GENERAL INFORMATION
fixed length control field 100122s9999 xx 000 0 und d
082 ## - DEWEY DECIMAL CLASSIFICATION NUMBER
Item number 52851
Classification number 81
100 ## - MAIN ENTRY--PERSONAL NAME
Personal name भावे अनंत
245 ## - TITLE STATEMENT
Title वडापाव
260 ## - PUBLICATION, DISTRIBUTION, ETC. (IMPRINT)
Name of publisher, distributor, etc मेहता पब्लिकेशन हाऊस
Date of publication, distribution, etc 1993
300 ## - PHYSICAL DESCRIPTION
Extent 267
630 ## - SUBJECT ADDED ENTRY--UNIFORM TITLE
Uniform title वडापाव
730 ## - ADDED ENTRY--UNIFORM TITLE
Uniform title वडापाव
942 ## - ADDED ENTRY ELEMENTS (KOHA)
Koha item type Book
Holdings
Withdrawn status Lost status Damaged status Not for loan Home library Current library Date acquired Cost, normal purchase price Total Checkouts Full call number Barcode Date last seen Cost, replacement price Price effective from Koha item type Public note
        S.V. Pathak Library, Vile Parle S.V. Pathak Library, Vile Parle 03/16/1997 100.00   52851 SVPPARLE-52851 01/25/2010 100.00 01/25/2010 Book General NA